[Event "Czech Extra League 2000-1"]
[Site "CZE"]
[Date "2000.12.17"]
[Round "3"]
[White "Hracek,Z"]
[Black "Poloch,P"]
[Result "1/2-1/2"]
[WhiteElo "2612"]
[BlackElo "2323"]

1.e4 c5 2.Nf3 d6 3.d4 cxd4 4.Nxd4 Nf6 5.Nc3 a6 6.Be3 e5 7.Nb3 Be6 8.f3 h5
9.Qd2 Nbd7 10.O-O-O Be7 11.Kb1 Rc8 12.Nd5 Bxd5 13.exd5 Nb6 14.Qa5 Nc4 15.Bxc4 Rxc4
16.Qd2 Qd7 17.Qd3 Rc8 18.g3 O-O 19.h3 Qa4 20.Nd2 Qb5 21.c4 Qb4 22.a3 Qa4
23.c5 Rfd8 24.Nc4 Qb5 25.Rhe1 Nd7 26.Nxd6 Qxd3+ 27.Rxd3 Bxd6 28.cxd6 Kf8
29.Bd2 f6 30.Rb3 Rc5 31.Rxb7 Rxd5 32.Be3 Rxd6 33.f4 e4 34.f5 Rd5 35.Rb4 Rxf5
36.Rd1 Ke8 37.Rbd4 Rf3 38.Bf4 e3 39.Bc7 Rc8 40.Re4+ Ne5 41.Bxe5  1/2-1/2

[Event "ch-ISR"]
[Site "Ramat-Aviv/Modiin ISR"]
[Date "2000.12.18"]
[Round "2"]
[White "Tseitlin,Ma"]
[Black "Sutovsky,E"]
[Result "1/2-1/2"]
[WhiteElo "2445"]
[BlackElo "2609"]

1.e4 c5 2.Nf3 d6 3.d4 cxd4 4.Nxd4 Nf6 5.Nc3 a6 6.Be3 Ng4 7.Bg5 h6 8.Bh4 g5
9.Bg3 Bg7 10.Be2 h5 11.Nf5 Bxf5 12.exf5 Qa5 13.O-O Bxc3 14.bxc3 Nf6 15.Bf3  1/2-1/2

[Event "Tournament for the 21st Century"]
[Site "Subotica YUG"]
[Date "2000.12.19"]
[Round "2"]
[White "Sedlak,N"]
[Black "Sadvakasov,D"]
[Result "0-1"]
[WhiteElo "2423"]
[BlackElo "2509"]

1.e4 c5 2.Nf3 d6 3.d4 Nf6 4.Nc3 cxd4 5.Nxd4 a6 6.Be3 e5 7.Nb3 Be6 8.f3 h5
9.Qd2 Nbd7 10.a4 Rc8 11.Be2 Nb6 12.a5 Nc4 13.Bxc4 Rxc4 14.O-O Be7 15.Rfd1 O-O
16.Bg5 Qc7 17.Bxf6 Bxf6 18.Qxd6 Rc8 19.Qxc7 R8xc7 20.Rd2 Bg5 21.Re2 Rc8 22.Rd1 R4c6
23.Kf2 Kf8 24.Ra1 Bc4 25.Ree1 Bh4+ 26.g3 Be7 27.Rec1 Ke8 28.f4 Bf6 29.f5 Be7
30.Kf3 g6 31.fxg6 fxg6 32.Kg2 Be6 33.Ra4 Bd7 34.Raa1 Bb4 35.Nd5 Rxc2+ 36.Kf3 Bg4+
37.Ke3 Bd2+ 38.Nxd2 Rxc1 39.Ra3 Re1+ 40.Kd3 Be2+ 41.Ke3 Bd1+  0-1

[Event "ch-ISR"]
[Site "Ramat-Aviv/Modiin ISR"]
[Date "2000.12.20"]
[Round "4"]
[White "Tseitlin,Ma"]
[Black "Kaspi,A"]
[Result "1-0"]
[WhiteElo "2445"]
[BlackElo "2488"]

1.e4 c5 2.Nf3 d6 3.d4 cxd4 4.Nxd4 Nf6 5.Nc3 a6 6.Be3 e5 7.Nb3 Be6 8.Qd2 Nbd7
9.f3 Be7 10.g4 O-O 11.O-O-O Qc7 12.g5 Nh5 13.Kb1 Rfc8 14.Nd5 Bxd5 15.exd5 a5
16.a3 a4 17.Nc1 Nb6 18.Rg1 g6 19.Rg4 Nf4 20.Bxf4 exf4 21.Na2 Bf8 22.Rxf4 Bg7
23.Re4 Re8 24.Rde1 Rxe4 25.Rxe4 Qc5 26.Nb4 Nd7 27.f4 Qg1 28.Re1 Qb6 29.h4 Qd4
30.Qxd4 Bxd4 31.Bb5 Nc5 32.Re2 Rc8 33.c3 Bg7 34.Nd3 Nxd3 35.Bxd3 Rc5 36.Re8+ Bf8
37.c4 Rc7 38.Ra8 Re7 39.Kc2 Kg7 40.Kd2 Rc7 41.Rxa4 h6 42.Ra7 Be7 43.a4 f6
44.a5 Bd8 45.c5 hxg5 46.cxd6 Rf7 47.f5 gxf5 48.Bxf5 gxh4 49.b4 h3 50.Bxh3 f5
51.b5 Kf6 52.a6 Bb6 53.Rxb7 Rxb7 54.axb7 Ba7 55.Bxf5 Bb8 56.d7 Ke7 57.Kd3 Kd8
58.Kc4 Kc7 59.b6+ Kd8 60.Kb5 Ke7 61.Ka6 Kd8 62.d6 Ba7 63.b8=Q+ Bxb8 64.Kb7 Bxd6
65.Ka8  1-0

[Event "2nd Viking GMB"]
[Site "York ENG"]
[Date "2000.12.21"]
[Round "9"]
[White "Bakre,T"]
[Black "Gormally,D"]
[Result "1/2-1/2"]
[WhiteElo "2358"]
[BlackElo "2499"]

1.e4 c5 2.Nf3 d6 3.d4 cxd4 4.Nxd4 Nf6 5.Nc3 a6 6.Be3 e6 7.g4 e5 8.Nf5 g6
9.g5 gxf5 10.exf5 d5 11.gxf6 d4 12.Bc4 Qc7 13.Qd3 dxe3 14.O-O-O exf2 15.Bxf7+ Kxf7
16.Qd5+ Ke8 17.f7+ Ke7 18.f6+ Kxf6 19.Qf3+ Ke6 20.Qg4+ Kxf7 21.Qh5+ Ke6 22.Qg4+ Kf7
23.Qh5+ Ke6  1/2-1/2

[Event "Eastern Open"]
[Site "Washington DC USA"]
[Date "2000.12.27"]
[Round "2"]
[White "Fernandez,D"]
[Black "Winer,S"]
[Result "1-0"]
[WhiteElo "2212"]
[BlackElo "2320"]

1.e4 c5 2.Nf3 d6 3.d4 cxd4 4.Nxd4 Nf6 5.Nc3 a6 6.Be3 e6 7.f3 b5 8.g4 h6 9.Qd2 Bb7
10.O-O-O Nbd7 11.h4 b4 12.Na4 Qa5 13.b3 Nc5 14.a3 Rc8 15.Qxb4 Qc7 16.Nxc5 dxc5
17.Qa4+ Nd7 18.Ne2 c4 19.Bf4 Qc6 20.Kb2 Qxa4 21.bxa4 g6 22.Be3 Bg7+ 23.Bd4 e5
24.Be3 Nc5 25.Nc3 Ne6 26.Nd5 Nd4 27.f4 Bxd5 28.exd5 O-O 29.Rh3 Nf3 30.Kc1 exf4
31.Bxf4 Ne5 32.d6 Nxg4 33.d7 Rcd8 34.Bc7 Nf2 35.Bxd8 Rxd8 36.Re3 Bb2+ 37.Kb1 Nxd1
38.Re8+ Kg7 39.Rxd8 Bf6 40.Re8 Nc3+ 41.Kc1 Na2+ 42.Kd2 c3+ 43.Kd1  1-0

[Event "Christmas Open"]
[Site "Zurich SUI"]
[Date "2000.12.27"]
[Round "3"]
[White "Jenni,F"]
[Black "Pinter,J"]
[Result "1/2-1/2"]
[WhiteElo "2440"]
[BlackElo "2556"]

1.e4 c5 2.Nf3 d6 3.d4 cxd4 4.Nxd4 Nf6 5.Nc3 a6 6.Be3 e6 7.Qd2 b5 8.f3 Nbd7
9.O-O-O Bb7 10.g4 h6 11.h4 Ne5 12.Rg1 Rc8 13.g5 Nfd7 14.g6 Qxh4 15.gxf7+ Kxf7
16.Bf2 Qf6  1/2-1/2

[Event "Open"]
[Site "Ano Liosia GRE"]
[Date "2000.12.28"]
[Round "2"]
[White "Belov,V"]
[Black "Kiriazis,D"]
[Result "1-0"]
[WhiteElo "2470"]
[BlackElo "2085"]

1.e4 c5 2.Nf3 d6 3.d4 cxd4 4.Nxd4 Nf6 5.Nc3 a6 6.Be3 Ng4 7.Bc1 Nf6 8.Be2 Nc6
9.O-O e6 10.Be3 Be7 11.f4 Qc7 12.a4 O-O 13.Kh1 Bd7 14.Qe1 Na5 15.Rd1 Nc4
16.Bc1 e5 17.fxe5 dxe5 18.Qg3 Kh8 19.Bxc4 Qxc4 20.Nf3 Bxa4 21.Nxe5 Qb4 22.Nd3 Qa5
23.Rf5 Bb5 24.e5 Bxd3 25.exf6  1-0

[Event "Tournament for the 21st Century"]
[Site "Subotica YUG"]
[Date "2000.12.28"]
[Round "10"]
[White "Perunovic,Mil"]
[Black "Sadvakasov,D"]
[Result "1/2-1/2"]
[WhiteElo "2426"]
[BlackElo "2509"]

1.e4 c5 2.Nf3 d6 3.d4 cxd4 4.Nxd4 Nf6 5.Nc3 a6 6.Be3 e5 7.Nb3 Be6 8.f3 h5
9.Qd2 Nbd7 10.O-O-O Rc8 11.Kb1 Be7 12.Nd5 Nxd5 13.exd5 Bf5 14.Bd3 Bxd3 15.Qxd3 Bg5
16.Bf2 O-O 17.h4 Bh6 18.g4 Bf4 19.Nd2 hxg4 20.fxg4 Re8 21.g5 e4 22.Nxe4 Ne5
23.Qh3 Nc4 24.Rhe1 b5 25.Bd4 Be5 26.Bxe5 Rxe5 27.h5 Qc7 28.Qh2 Qe7 29.h6 Rxe4
30.hxg7 Kxg7 31.Qh6+ Kg8 32.g6 Nd2+ 33.Qxd2 fxg6 34.Rg1 Kg7 35.Qg2 Qe8 36.Qh3 Re5
37.b3 Rc5 38.Rh1 Rh5 39.Qg2 Qe5 40.Rdg1 Qf5 41.Rxh5 Qxh5 42.Rh1 Qf5 43.Qe2 Rc7
44.Qh2 Qh5 45.Qxh5 gxh5 46.Rxh5 a5 47.Rh4 Re7 48.a4 b4 49.c3 bxc3 50.Kc2 Kf6
51.Kxc3 Ke5 52.Kc4 Rb7 53.Rh5+ Ke4 54.Rh4+ Ke5 55.Rh8 Rb4+ 56.Kc3 Rb7 57.Rh1 Ke4
58.Rh4+ Ke5 59.Rh6 Rb8 60.Rh5+ Ke4 61.Rh4+ Ke5 62.Rh5+  1/2-1/2

[Event "Open"]
[Site "Ano Liosia GRE"]
[Date "2001.01.02"]
[Round "6"]
[White "Stojanovski,D"]
[Black "Marjanovic,S"]
[Result "1/2-1/2"]
[WhiteElo "2324"]
[BlackElo "2512"]

1.e4 c5 2.Nf3 d6 3.d4 cxd4 4.Nxd4 Nf6 5.Nc3 a6 6.Be3 e5 7.Nb3 Be6 8.f3 Nbd7
9.Qd2 Be7 10.g4 h6 11.O-O-O b5 12.Kb1 Nb6 13.Qf2 Nc4 14.Bxc4 bxc4 15.Nc5 Qc7
16.N5a4 Rb8 17.h4 Nd7 18.Nd5 Bxd5 19.Rxd5 O-O 20.Nc3 Rb4 21.Ka1 Rfb8 22.Rb1 Qd8
23.g5 h5 24.f4 exf4 25.Bxf4 Qc7 26.Rdd1 Qa5 27.Bxd6 Bxd6 28.Rxd6 Rxb2 29.Rxb2 Qxc3
30.Qd4  1/2-1/2

[Event "Troll Masters"]
[Site "Gausdal NOR"]
[Date "2001.01.07"]
[Round "3"]
[White "Stenersen,G"]
[Black "Elsness,F"]
[Result "0-1"]
[WhiteElo "2163"]
[BlackElo "2411"]

1.e4 c5 2.Nf3 d6 3.d4 cxd4 4.Nxd4 Nf6 5.Nc3 a6 6.Be3 e6 7.Be2 Be7 8.Qd2 b5
9.f3 O-O 10.g4 Bb7 11.O-O-O Nc6 12.g5 Nd7 13.h4 Rc8 14.Rdg1 b4 15.Nd1 d5
16.exd5 Nxd4 17.Bxd4 e5 18.Be3 Qa5 19.Kb1 Bxd5 20.b3 Rfd8 21.h5 Nc5 22.Qc1 Na4
23.bxa4 Bxa2+ 24.Kxa2 Qxa4+ 25.Kb1 b3 26.cxb3 Rxc1+ 27.Bxc1 Qxb3+ 28.Nb2 Rc8
29.Bd1 Qc3 30.Ba4 Qxf3 31.Rf1 Qe4+ 32.Ka2 Rc5 33.Re1 Qb4 34.Kb1 Ra5 35.Bc2 Qa3
36.Na4 Qb4+ 37.Nb2 Rb5 38.Re4 Qc3 39.Rhh4 Ba3 40.Rc4 Rxb2+ 41.Ka1 Rxc2+ 42.Rxc3 Rxc3  0-1

[Event "Anibal Open"]
[Site "Anibal Open ESP"]
[Date "2001.01.10"]
[Round "3"]
[White "Sanchez,Joseph"]
[Black "Paragua,M"]
[Result "1/2-1/2"]
[WhiteElo "2193"]
[BlackElo "2423"]

1.e4 c5 2.Nf3 d6 3.d4 cxd4 4.Nxd4 Nf6 5.Nc3 a6 6.Be3 Ng4 7.Bg5 h6 8.Bh4 g5
9.Bg3 Bg7 10.Qd2 Nc6 11.Nb3 b5 12.f3 Nge5 13.Bf2 Rb8 14.Rb1 h5 15.Be3 g4  1/2-1/2

[Event "TCh-FIN 00-01"]
[Site "FIN"]
[Date "2001.01.13"]
[Round "6"]
[White "Alava,M"]
[Black "Fieandt,J"]
[Result "1-0"]
[WhiteElo "2192"]
[BlackElo "2196"]

1.e4 c5 2.Nf3 d6 3.d4 cxd4 4.Nxd4 Nf6 5.Nc3 a6 6.Be3 e5 7.Nb3 Be7 8.Be2 Be6
9.f4 Qc7 10.Qd2 Nbd7 11.O-O-O b5 12.Nd5 Bxd5 13.exd5 O-O 14.Kb1 Rfc8 15.c3 a5
16.Bxb5 a4 17.Nc1 a3 18.Nb3 axb2 19.Qxb2 Ne4 20.c4 Bf6 21.Rc1 exf4 22.Bd4 Ne5
23.Rhd1 Nc5 24.Nxc5 dxc5 25.Bc3 Qd6 26.Qe2 Ra7 27.Re1 Re7 28.Qf1 g5 29.h3 Rb8
30.a4 Bg7 31.Ka2 Rbb7 32.Re4 Qg6 33.Rce1 Nxc4 34.Qxc4 Bxc3 35.d6 Rxe4 36.Rxe4 Bd4
37.d7 Qxe4 38.d8=Q+ Kg7 39.Qxg5+ Kh8 40.Qf6+ Kg8 41.Qc6  1-0

[Event "Czech Extra League 2000-1"]
[Site "CZE"]
[Date "2001.01.14"]
[Round "5"]
[White "Zezulkin,J"]
[Black "Hracek,Z"]
[Result "1/2-1/2"]
[WhiteElo "2530"]
[BlackElo "2602"]

1.e4 c5 2.Nf3 d6 3.d4 cxd4 4.Nxd4 Nf6 5.Nc3 a6 6.Be3 e5 7.Nb3 Be6 8.Qd2 Be7
9.f3 O-O 10.O-O-O Nbd7 11.g4 Qc7 12.g5 Nh5 13.Nd5 Bxd5 14.Qxd5 Rac8 15.Qd2 f5
16.exf5 Rxf5 17.Bd3 Rff8 18.Be4 Nf4 19.Bxf4 Rxf4 20.Qd5+ Kh8 21.h4 b5 22.Kb1 Nb6
23.Qb7 Nc4 24.Qxa6 d5 25.Rxd5  1/2-1/2

[Event "XXVI Open"]
[Site "Seville ESP"]
[Date "2001.01.16"]
[Round "5"]
[White "Moreno Carnero,J"]
[Black "Vera,R"]
[Result "0-1"]
[WhiteElo "2483"]
[BlackElo "2562"]

1.e4 c5 2.Nf3 d6 3.d4 cxd4 4.Nxd4 Nf6 5.Nc3 a6 6.Be3 e6 7.f3 b5 8.g4 b4 9.Nce2 h6
10.Qd2 e5 11.Nf5 d5 12.O-O-O Be6 13.Kb1 Nbd7 14.Nc1 Qc7 15.Bd3 d4 16.Bf2 g6
17.Ng3 Nc5 18.h4 Na4 19.Nb3 Nd7 20.Ne2 Rb8 21.g5 a5 22.Ka1 hxg5 23.hxg5 Rxh1
24.Rxh1 Nxb2 25.Kxb2 a4 26.Nbxd4 exd4 27.Nxd4 b3 28.axb3 axb3 29.c3 Bc4 30.Bb1 Qa5
31.Kc1 Qa1 32.Qe1 Ba3+ 33.Kd2 Qb2+ 34.Ke3 Ne5 35.Rh8+ Bf8 36.Bg3 Nd7 37.Bxb8 Nxb8
38.Bd3 Bxd3 39.Kxd3 Nd7 40.Qd1 Ne5+ 41.Ke3 Qxc3+ 42.Ke2 Qc4+ 43.Ke3 b2 44.Rh2 Qc1+
45.Rd2  0-1

[Event "Corus B"]
[Site "Wijk aan Zee NED"]
[Date "2001.01.16"]
[Round "1"]
[White "Nijboer,F"]
[Black "Vink,N"]
[Result "1-0"]
[WhiteElo "2578"]
[BlackElo "2335"]

1.e4 c5 2.Nf3 d6 3.d4 cxd4 4.Nxd4 Nf6 5.Nc3 a6 6.Be3 e5 7.Nb3 Be6 8.Qd2 Nbd7
9.f3 b5 10.a4 bxa4 11.Rxa4 Qc8 12.Be2 Be7 13.O-O O-O 14.Rfa1 Nb8 15.Nd5 Nxd5
16.exd5 Bd7 17.Rb4 Bd8 18.Na5 Bf5 19.Nc4 Bc7 20.Nb6 Bxb6 21.Rxb6 Qc7 22.c4 Bc8
23.Qa5 f5 24.b4 f4 25.Bf2 Bb7 26.c5 Bxd5 27.Rxd6 Qf7 28.c6 Bxc6 29.Qc5 Qe8
30.Bc4+ Kh8 31.Re6 Qc8 32.Qxe5 Nd7 33.Qg5 Rf6 34.Bd4 Bb5 35.Rxf6 Nxf6 36.Qxf6 Ra7
37.Qe6 Qxe6 38.Bxe6  1-0

[Event "ch-POL Boys U16"]
[Site "Zakopane POL"]
[Date "2001.01.18"]
[Round "3"]
[White "Czakon,J"]
[Black "Paszek,K"]
[Result "0-1"]
[WhiteElo "2083"]
[BlackElo "2135"]

1.e4 c5 2.Nf3 d6 3.d4 cxd4 4.Nxd4 Nf6 5.Nc3 a6 6.Be3 e6 7.f3 b5 8.Qd2 Nbd7
9.g4 h6 10.O-O-O Bb7 11.h4 b4 12.Na4 Qa5 13.b3 Nc5 14.a3 Nxa4 15.axb4 Qc7
16.bxa4 d5 17.e5 Nd7 18.f4 Nb6 19.f5 Qd7 20.fxe6 fxe6 21.Bd3 Qxa4 22.Bg6+ Kd7
23.Nb3 Bxb4 24.Qd4 Nc4 25.Rdf1 Rhf8 26.g5 h5 27.Bxh5 Qa2 28.Bg6 a5 29.Rxf8 Rxf8
30.Qa7 Kc8 31.Bd3 a4 32.Bxc4 dxc4 33.Qd4 Ba3+  0-1

[Event "ch-POL Boys U16"]
[Site "Zakopane POL"]
[Date "2001.01.18"]
[Round "3"]
[White "Singer,K"]
[Black "Klimaszewski,D2"]
[Result "0-1"]
[WhiteElo "2116"]
[BlackElo "2168"]

1.e4 c5 2.Nf3 d6 3.d4 cxd4 4.Nxd4 Nf6 5.Nc3 a6 6.Be3 e5 7.Nb3 Be6 8.Qd2 Be7
9.f3 Nbd7 10.g4 O-O 11.O-O-O b5 12.g5 Ne8 13.h4 Nb6 14.Qf2 Nc4 15.Bxc4 Bxc4
16.Kb1 f5 17.Qg1 b4 18.Nd5 Be2 19.Bb6 Qd7 20.Rd2 Bxf3 21.Nc5 dxc5 22.Nf6+ Nxf6
23.gxf6 Bd6 24.Rxd6 Qf7 25.Rh3 Bxe4 26.fxg7 Rfe8 27.Bxc5 a5 28.Rg3 Rac8 29.b3 Qc7
30.Rf6 Qxc5 31.Rf8+ Rxf8 32.gxf8=Q+ Kxf8 33.Rg8+ Ke7 34.Qg5+ Kd6 35.Qh6+ Kc7
36.Rxc8+ Kxc8 37.Qe6+ Kb7 38.Qd7+ Qc7 39.Qb5+ Ka7  0-1

[Event "XXVI Open"]
[Site "Seville ESP"]
[Date "2001.01.20"]
[Round "9"]
[White "Korneev,O"]
[Black "Vera,R"]
[Result "1/2-1/2"]
[WhiteElo "2600"]
[BlackElo "2562"]

1.e4 c5 2.Nf3 d6 3.d4 cxd4 4.Nxd4 Nf6 5.Nc3 a6 6.Be3 e6 7.f3 b5 8.g4 b4 9.Nce2 h6
10.Qd2 e5 11.Nf5 d5 12.O-O-O Be6 13.Kb1 Nbd7 14.exd5 Bxd5 15.Bg2 Rc8 16.Nc1 Qc7
17.Rhe1 Be6 18.h3 h5 19.Ng3 g6 20.gxh5 Nxh5 21.Nxh5 Rxh5 22.f4 Bh6 23.Nd3 a5
24.fxe5 Bxe3 25.Rxe3 Nxe5 26.Nf4 Nc4 27.Rxe6+ fxe6 28.Qd3 Ne5 29.Qb3 Qc4
30.Qa4+ Ke7 31.Nxh5 gxh5 32.Re1 Rc5 33.Be4 Qd4 34.c3 Qf2 35.Qd1 bxc3 36.Re2 Qf4
37.b3 Rc7 38.Kc2 Nc6 39.Bxc6 Rxc6 40.Qd3 Rc5 41.Qe4 Qxe4+  1/2-1/2

[Event "ch-POL Girls U16"]
[Site "Zakopane POL"]
[Date "2001.01.20"]
[Round "5"]
[White "Kupczyk,E"]
[Black "Worek,J"]
[Result "0-1"]
[WhiteElo "2010"]
[BlackElo "2132"]

1.e4 c5 2.Nf3 d6 3.d4 cxd4 4.Nxd4 Nf6 5.Nc3 a6 6.Be3 Ng4 7.Bg5 h6 8.Bh4 g5
9.Be2 Bg7 10.Bg3 h5 11.Bxg4 hxg4 12.Qd2 Nc6 13.Nce2 Qb6 14.c3 Bd7 15.O-O Ne5
16.Nf5 Bxf5 17.exf5 Bf6 18.Nd4 Kf8 19.Kh1 Kg7 20.f4 gxf3 21.Nxf3 Nxf3 22.Rxf3 Rh5
23.Bf2 Qc6 24.Kg1 Rah8 25.h3 Kf8 26.Kf1 g4 27.hxg4 Qc4+ 28.Qd3 Qxg4 29.Ke2 Rh1
30.Rxh1 Rxh1 31.g3 Be5 32.Qd5 b5 33.Ke3 Qg5+ 34.Ke2 Qc1 35.Qd2 Qf1+ 36.Ke3 Bf6
37.Qd5 Qc1+ 38.Ke4 Qxb2 39.Qa8+ Kg7 40.Rf4 Qe2+ 41.Kd5 Bxc3 42.Qc8 Bf6 43.Qxa6 Rc1
44.Bd4 Qc4+  0-1

[Event "Mermaid Beach Club GMB"]
[Site "Elbow Beach BER"]
[Date "2001.01.21"]
[Round "3"]
[White "Kalod,R"]
[Black "Alvarez,Joh"]
[Result "0-1"]
[WhiteElo "2490"]
[BlackElo "2383"]

1.e4 c5 2.Nf3 d6 3.d4 cxd4 4.Nxd4 Nf6 5.Nc3 a6 6.Be3 e5 7.Nb3 Be6 8.f3 Nbd7
9.Qd2 Be7 10.Nd5 Nxd5 11.exd5 Bf5 12.Na5 Qc7 13.c4 O-O 14.Be2 Bh4+ 15.g3 Bd8
16.b4 Bh3 17.Bf1 Bxf1 18.Kxf1 Qc8 19.Rc1 Bxa5 20.bxa5 f5 21.Kg2 Rf6 22.Rhf1 Qc7
23.Rc2 Rc8 24.Kh1 Nc5 25.Rb1 Qd7 26.Rcb2 Rf7 27.Rb6 h5 28.Bg1 Qe7 29.Qc2 h4
30.gxh4 Nd7 31.Rxb7 Qxh4 32.R7b4 Qf4 33.Qe2 e4 34.Rf1 Qe5 35.f4 Qc3 36.Rfb1 Nf6
37.R1b3 Qc1 38.Qe3 Rxc4 39.Rxc4 Qxc4 40.Rb8+ Rf8 41.Qb6 Qxd5 42.Rxf8+ Kxf8
43.Bd4 Kf7 44.Kg1 Nd7 45.Qb3 Ke6 46.Bxg7 Nc5 47.Qb1 e3 48.Bc3 Qc4 49.Ba1 Qxf4
50.Qb2 Qg4+ 51.Kf1 Qd1+ 52.Kg2 Qg4+ 53.Kf1 Qd1+ 54.Kg2 Qd2+ 55.Kf3 Qxb2 56.Bxb2 f4
57.Kxf4 Nd3+ 58.Kxe3 Nxb2 59.Kd4 Nd1 60.h4 Nf2  0-1

[Event "Open"]
[Site "Ubeda ESP"]
[Date "2001.01.21"]
[Round "1"]
[White "Perez,Rod"]
[Black "Visweswaran,K"]
[Result "1-0"]
[WhiteElo "2492"]
[BlackElo "2289"]

1.e4 c5 2.Nf3 d6 3.d4 cxd4 4.Nxd4 Nf6 5.Nc3 a6 6.Be3 Ng4 7.Bg5 h6 8.Bh4 g5
9.Bg3 Bg7 10.Be2 h5 11.Bxg4 hxg4 12.O-O Nc6 13.Nf5 Bxf5 14.exf5 Ne5 15.Nd5 Rc8
16.b3 Rc5 17.Qd2 Qd7 18.Rad1 Qxf5 19.Nxe7 Qxc2 20.Qxd6  1-0

[Event "Corus Reserve Gp"]
[Site "Wijk aan Zee NED"]
[Date "2001.01.21"]
[Round "5"]
[White "Aagaard,J"]
[Black "Maksimenko,A"]
[Result "0-1"]
[WhiteElo "2374"]
[BlackElo "2498"]

1.e4 c5 2.Nf3 d6 3.d4 cxd4 4.Nxd4 Nf6 5.Nc3 a6 6.Be3 Ng4 7.Bc1 Nf6 8.Be3 e5
9.Nb3 Be7 10.f3 O-O 11.Qd2 Be6 12.O-O-O Nbd7 13.g4 Qc7 14.h4 Rfc8 15.h5 d5
16.g5 d4 17.Nxd4 exd4 18.Bxd4 Ne8 19.f4 Qa5 20.Bh3 Bb4 21.g6 Bxh3 22.Rxh3 Ndf6
23.gxh7+ Nxh7 24.Qg2 Bxc3 25.bxc3 Qxa2 26.Rg3 f6 27.h6 Rc7 28.hxg7 Rd8 29.Qh3 Nxg7
30.Rh1 Qa1+ 31.Kd2 Rxd4+ 32.cxd4 Qxd4+ 33.Kc1 Qa1+ 34.Kd2 Qd4+ 35.Kc1 Qxe4
36.Rd3 Qxf4+ 37.Kb1 Qb4+ 38.Rb3 Qe4 39.Rd3 Qb4+ 40.Rb3 Qe4 41.Rd3 Ng5 42.Rd8+ Kf7
43.Qb3+ Qe6 44.Qb4 Kg6 45.Rdh8 Qc4 46.R1h6+ Kf5  0-1

[Event "ch-POL Boys U16"]
[Site "Zakopane POL"]
[Date "2001.01.22"]
[Round "7"]
[White "Czakon,J"]
[Black "Klimaszewski,D2"]
[Result "1/2-1/2"]
[WhiteElo "2083"]
[BlackElo "2168"]

1.e4 c5 2.Nf3 d6 3.d4 cxd4 4.Nxd4 Nf6 5.Nc3 a6 6.Be3 e5 7.Nb3 Be6 8.f3 Be7
9.g4 d5 10.g5 d4 11.gxf6 Bxf6 12.Bf2 dxc3 13.Qxd8+ Bxd8 14.bxc3 Nd7 15.O-O-O Rc8
16.Kb2 O-O 17.Be2 Rc6 18.c4 Nb6 19.c5 Na4+ 20.Ka3 Nc3 21.Rde1 Nxe2 22.Rxe2 Be7
23.Na5 Bxc5+ 24.Bxc5 Rxc5 25.Nxb7 Rc3+ 26.Kb4 Rxf3 27.Ka5 Ra3+ 28.Kb6 Rxa2
29.Nc5 Rb2+ 30.Ka7 Bc8 31.Rd2 g6 32.Rc1 Kg7 33.Rd5 f6 34.Rd6 Rf7+ 35.Ka8 Bb7+
36.Nxb7 Rfxb7 37.c4 Rc7 38.c5 Kf7 39.Rcd1 Ke7 40.Rxa6 Rc2 41.Rf1 Kf7 42.Raxf6+ Kg7
43.h4 R2xc5 44.Re6 Kh6 45.Rd1 Ra5+ 46.Kb8 Rc4 47.Rd5 Rb4+ 48.Kc7 Ra7+ 49.Kd6 Rb6+
50.Kxe5 Rb4  1/2-1/2

[Event "ch-POL Boys U16"]
[Site "Zakopane POL"]
[Date "2001.01.22"]
[Round "7"]
[White "Singer,K"]
[Black "Paszek,K"]
[Result "1/2-1/2"]
[WhiteElo "2116"]
[BlackElo "2135"]

1.e4 c5 2.Nf3 d6 3.d4 cxd4 4.Nxd4 Nf6 5.Nc3 a6 6.Be3 e6 7.f3 b5 8.Qd2 Be7
9.g4 Nfd7 10.O-O-O Nb6 11.Qf2 Nc4 12.Bxc4 bxc4 13.f4 Qc7 14.f5 Nc6 15.Nxc6 Qxc6
16.Bd4 Bf8 17.Rhe1 Bb7 18.Nd5 O-O-O 19.Bxg7 exd5 20.Bxh8 Bh6+ 21.Kb1 Rxh8
22.Qd4 Rf8 23.exd5 Qb5 24.h4 Rd8 25.g5 Bf8 26.h5 Qc5 27.f6 a5 28.c3 Ba6 29.Re4 a4
30.a3 Qxd4 31.Rdxd4 Kd7 32.Kc1 Rc8 33.Kd1 Rc5 34.Rd2 Bb7 35.Red4 Rc8 36.Ke2 Re8+
37.Kf3 Re5 38.Kf4 Ba6 39.Re4 Rxe4+ 40.Kxe4 Ke8 41.Kd4 Bb5 42.Re2+ Kd8 43.Re4 Ba6
44.Ke3 Kd7 45.b3 axb3 46.Kd2 Kd8 47.Kc1 Kd7 48.Kb2 Kd8 49.a4 Kd7 50.Ka3 Kd8
51.Rd4 Kc7 52.Kb4 Kb6 53.Re4 Kc7 54.Re8 Kd7 55.Rb8 Kc7 56.Re8 Kd7 57.Re1 Kc7
58.Re3 Bc8 59.Ka3 Kd8 60.Re4 Ba6 61.h6 Kd7 62.Rd4  1/2-1/2

[Event "Elbow Beach Club GMB"]
[Site "Paget Parish BER"]
[Date "2001.01.24"]
[Round "6"]
[White "Kalod,R"]
[Black "Shahade,G"]
[Result "1/2-1/2"]
[WhiteElo "2490"]
[BlackElo "2456"]

1.e4 c5 2.Nf3 d6 3.d4 cxd4 4.Nxd4 Nf6 5.Nc3 a6 6.Be3 e5 7.Nb3 Be6 8.f3 Be7
9.Qd2 Nbd7 10.g4 h6 11.O-O-O b5 12.h4 Nb6 13.Qf2 Nfd7 14.Kb1 Qc7 15.Nd5 Bxd5
16.exd5 Nc4 17.Bc1 a5 18.Nd2 a4 19.Ne4 b4 20.Bd3 a3 21.b3 Nb2 22.Rd2 Nxd3
23.Rxd3 Nf6 24.Qe2 Nxe4 25.Qxe4 Rb8 26.Bd2 Qc5 27.Be3 Qc8 28.Bd2 Qc5 29.Be3 Qc8
30.Bd2  1/2-1/2

[Event "Open"]
[Site "Ubeda ESP"]
[Date "2001.01.25"]
[Round "5"]
[White "Meijers,V"]
[Black "Zhang Zhong"]
[Result "0-1"]
[WhiteElo "2483"]
[BlackElo "2607"]

1.e4 c5 2.Nf3 d6 3.d4 cxd4 4.Nxd4 Nf6 5.Nc3 a6 6.Be3 e5 7.Nf3 Be7 8.a4 O-O
9.a5 Be6 10.Be2 h6 11.O-O Nbd7 12.Nd2 Rc8 13.f3 Qc7 14.Rf2 d5 15.exd5 Bxd5
16.Nde4 Bxe4 17.fxe4 Bc5 18.Bxc5 Qxc5 19.Bf3 Rfe8 20.Qd2 Nf8 21.Na4 Qb5 22.b3 Rcd8
23.Qe1 Ne6 24.b4 Qc6 25.Nb6 Ng5 26.Re2 Rd4 27.h4 Nxf3+ 28.gxf3 Red8 29.Kh2 Qd6
30.Rb1 Nh5 31.Nd5 Nf4 32.Nxf4 exf4 33.Rg2 Qe7 34.Kh3 g6 35.Qc3 Qd7+ 36.Kh2 Rc8
37.Qb2 Qd8 38.Kh3 Rcc4 39.b5 Qd7+ 40.Kh2 Qe7 41.bxa6 Qxh4+ 42.Kg1 bxa6 43.Qb6 Rb4
44.c3 Rxb6 45.axb6 Rd8 46.c4 Qe7  0-1

[Event "Open"]
[Site "Ubeda ESP"]
[Date "2001.01.26"]
[Round "6"]
[White "Agopov,M"]
[Black "Dominguez,L"]
[Result "0-1"]
[WhiteElo "2354"]
[BlackElo "2565"]

1.e4 c5 2.Nf3 d6 3.d4 cxd4 4.Nxd4 Nf6 5.Nc3 a6 6.Be3 e5 7.Nb3 Be7 8.f3 Be6
9.g4 d5 10.exd5 Nxd5 11.Nxd5 Bh4+ 12.Bf2 Bxf2+ 13.Kxf2 Bxd5 14.c4 Qb6+ 15.Kg2 Bc6
16.Qe1 Nd7 17.c5 Qc7 18.Qa5 Qc8 19.Qc3 O-O 20.Bd3 Nf6 21.Bf5 Qc7 22.Rhe1 g6
23.Bc2 Rfe8 24.Na5 Nd5 25.Qa3 Nf4+ 26.Kf2 Qd8  0-1

[Event "Elbow Beach Club GMB"]
[Site "Paget Parish BER"]
[Date "2001.01.27"]
[Round "9"]
[White "Blehm,P"]
[Black "Kalod,R"]
[Result "0-1"]
[WhiteElo "2512"]
[BlackElo "2490"]

1.e4 c5 2.Nf3 d6 3.d4 cxd4 4.Nxd4 Nf6 5.Nc3 a6 6.Be3 e6 7.f3 b5 8.g4 Bb7
9.Qd2 Nfd7 10.O-O-O Nb6 11.Nb3 N8d7 12.Na5 Rb8 13.Bf4 Nc8 14.Nxb7 Rxb7 15.Kb1 Be7
16.h4 O-O 17.Ne2 Ncb6 18.Nd4 Rc7 19.Bg5 d5 20.exd5 Nxd5 21.f4 N7b6 22.Bg2 Nc4
23.Qe2 Nc3+ 24.bxc3 Qd6 25.Bxe7 Qxe7 26.Bd5 exd5 27.Qxe7 Rxe7 28.Nf5 Re4
29.Rxd5 Rxf4 30.g5 Re8 31.h5 Nb6 32.Ne7+ Kf8 33.g6 hxg6 34.hxg6 Kxe7 35.Re5+ Kd8  0-1

[Event "Elbow Beach Club GMB"]
[Site "Paget Parish BER"]
[Date "2001.01.27"]
[Round "9"]
[White "Shahade,G"]
[Black "Alvarez,Joh"]
[Result "1/2-1/2"]
[WhiteElo "2456"]
[BlackElo "2383"]

1.e4 c5 2.Nf3 d6 3.d4 cxd4 4.Nxd4 Nf6 5.Nc3 a6 6.Be3 e5 7.Nb3 Be6 8.f3 Nbd7
9.Qd2 b5 10.a4 b4 11.Nd5 Bxd5 12.exd5 Nb6 13.Bxb6 Qxb6 14.a5 Qb7 15.Bc4 Be7
16.Ra4 Rb8 17.Nc1 Bd8 18.Nd3 e4 19.fxe4 O-O 20.Nf2 Nd7 21.O-O Nc5 22.Ra2  1/2-1/2

[Event "Corus B"]
[Site "Wijk aan Zee NED"]
[Date "2001.01.27"]
[Round "10"]
[White "De Vreugt,D"]
[Black "Vink,N"]
[Result "0-1"]
[WhiteElo "2452"]
[BlackElo "2335"]

1.e4 c5 2.Nf3 d6 3.d4 cxd4 4.Nxd4 Nf6 5.Nc3 a6 6.Be3 e5 7.Nb3 Be6 8.f3 Nbd7
9.g4 h6 10.Qd2 b5 11.O-O-O Rc8 12.h4 Nb6 13.Qf2 Na4 14.Nd5 Nxd5 15.exd5 Bd7
16.Bd3 h5 17.Rdg1 Qc7 18.gxh5 Rxh5 19.Rg5 Rh8 20.Qg1 a5 21.Bd2 Nc5 22.Nxc5 Qxc5
23.Qxc5 Rxc5 24.Bxa5 g6 25.Rg2 Rxd5 26.Bb6 Bh6+ 27.Kb1 Bf4 28.Be4 Rxh4 29.Rhg1 Rd2
30.Rxd2 Bxd2 31.Rd1 f5 32.Bb7 e4 33.fxe4 fxe4 34.Bf2 Rh2 35.Bg3 Rh3 36.Be1 Rh1
37.Bxe4 Rxe1 38.Bxg6+ Ke7 39.Rxe1+ Bxe1 40.Bd3 b4 41.a3 bxa3 42.bxa3 Kf6
43.Kb2 Ba4 44.Be4 Ke5 45.Bd3 Kd4 46.Bg6 Bc3+ 47.Kc1 Bc6 48.Bh5 Kc5 49.Bf7 d5
50.Kb1 Kb5 51.Ka2 Ka4 52.Be6 Bg7 53.Bf7 Bf8 54.Bh5 Bb5 55.Bf7 Bc4+ 56.Kb2 Bxa3+
57.Kc3 Kb5 58.Kd2 Kb4 59.Be6 Bb2 60.Bf7 Be5 61.Be6 Bf4+ 62.Kd1 Kc3 63.Bf7 d4  0-1

[Event "Elbow Beach Club GMB"]
[Site "Paget Parish BER"]
[Date "2001.01.29"]
[Round "11"]
[White "Thorhallsson,T"]
[Black "Kalod,R"]
[Result "1/2-1/2"]
[WhiteElo "2462"]
[BlackElo "2490"]

1.e4 c5 2.Nf3 d6 3.d4 cxd4 4.Nxd4 Nf6 5.Nc3 a6 6.Be3 e6 7.g4 h5 8.gxh5 b5
9.a3 Bb7 10.f3 Nbd7 11.Qd2 Rxh5 12.O-O-O Rc8 13.Kb1 Ne5 14.Bg5 Rxg5 15.Qxg5 Rxc3
16.bxc3 Qa5 17.Qe3 d5 18.Nb3 Qc7 19.Bd3 Bxa3 20.Rhe1 Kf8 21.Ka2 Bd6 22.Bf1 dxe4
23.fxe4 Nxe4 24.Kb2 Bd5 25.Ra1 Nc4+ 26.Bxc4 bxc4 27.Nd4 Bf4 28.Qh3 Kg8 29.Ra3 Bd2
30.Rg1 Qb6+ 31.Ka2 Bxc3 32.Rxc3 Qxd4 33.Rgg3 Nxc3+ 34.Rxc3 g6 35.Kb2 Kg7
36.Qe3 e5 37.Qxd4 exd4 38.Ra3 Kf6 39.Rxa6+ Ke5 40.c3 d3 41.Kc1 g5 42.Kd2 f5
43.Rg6 Kf4 44.Rd6 Ke5 45.Rd8 g4 46.Rd7 f4 47.Rg7 Kf5 48.Ke1 Be6 49.Kf2 Kf6
50.Ra7 Bd5 51.Rd7 Ke5 52.Rg7 Kf5 53.Rd7 Bf3 54.Rd4 Ke5 55.h3 Be2 56.hxg4  1/2-1/2